Mistr Theodorik /

Bibliographic Details
Main Author: Dvořáková, Vlasta
Format: Book
Language:Czech
Published: Praha : Odeon, [1967]
Subjects:

MARC

Tag First Indicator Second Indicator Subfields
LEADER 00000cam a2200000Ia 4500
001 in00002187621
005 20151104075655.0
008 930510s1967 cs a b 000 0bcze d
035 |a (OCoLC)ocm28085391 
040 |a GZM  |c GZM  |d TXA  |d UtOrBLW 
049 |a TXAM 
090 |a ND534.5.D4  |b D9 1967 
100 1 |a Dvořáková, Vlasta. 
245 1 0 |a Mistr Theodorik /  |c Vlasta Dvořáková. 
264 1 |a Praha :  |b Odeon,  |c [1967] 
264 4 |c ©1967 
300 |a 76 pages :  |b illustrations (some color) ;  |c 16 cm. 
336 |a text  |b txt  |2 rdacontent 
337 |a unmediated  |b n  |2 rdamedia 
338 |a volume  |b nc  |2 rdacarrier 
504 |a Includes bibliographical references. 
536 |a Given to the Library by Dr. Michael C. Neuman. January 2006. 
600 0 0 |a Theodoric,  |c of Prague,  |d active 1343-1381. 
948 |a cataloged  |b h  |c 2006/10/5  |d c  |e spoltoratski  |f 12:15:52 pm 
994 |a C0  |b TXA 
999 |a MARS 
999 f f |s be1b2628-693e-30d5-b2a3-3602e864d60b  |i 9ea19190-8344-37e9-9aed-f58bfd3a340c  |t 0 
952 f f |p normal  |a Texas A&M University  |b College Station  |c Sterling C. Evans Library  |d Evans: Library Stacks  |t 0  |e ND534.5.D4 D9 1967  |h Library of Congress classification  |i unmediated -- volume  |m A14834595131 
998 f f |a ND534.5.D4 D9 1967  |t 0  |l Evans: Library Stacks